00476 2200181 4500001002100000005001500021035002000036008004100056245007800097100002200175250000600197260003100203300001200234084001400246082000800260650001400268990001200282INLIS00000000000048920240430112019 a0010-0424000465240430 0 ind 1 aPemeliharaan Ikan Napoleon Di Keramba Jaring Apung /cM. Ghufran H. Kordi aKordi, M. Ghufran a1 aJakarta :bAkademia,c2010 a129 hlm a600 GHU p a600 4aNon Fiksi a0728563